[Event "IND-ch U13"]
[Site "Gujarath"]
[Date "2016.07.29"]
[Round "10"]
[White "Ranadheer, BJSK"]
[Black "Sankalp, Gupta"]
[Result "1/2-1/2"]
[WhiteElo "1613"]
[BlackElo "1990"]
[PlyCount "93"]
[EventDate "2016.07.22"]
[EventType "swiss"]
[EventRounds "11"]
[EventCountry "IND"]
[SourceTitle "EXT 2017"]
[Source "ChessBase"]
[SourceDate "2016.10.25"]
[SourceVersion "1"]
[SourceVersionDate "2016.10.25"]
[SourceQuality "1"]

1. d4 Nf6 2. Bg5 c5 3. d5 Qb6 4. Qc1 Nxd5 5. c4 Nf6 6. Nc3 Nc6 7. e3 d6 8. Nf3 h6 9. Bxf6 gxf6 10. Qd2 Be6 11. Be2 Bg7 12. Rb1 Qc7 13. Nd5 Qd7 14. a3 0-0 15. 0-0 b6 16. Nf4 Rfd8 17. Rbd1 Rac8 18. Bd3 Bg4 19. Be4 f5 20. Bxc6 Qxc6 21. Nd5 Rd7 22. Nh4 e6 23. f3 Bh5 24. Nf4 Bg6 25. Nhxg6 fxg6 26. Nxe6 Re8 27. Nxg7 Kxg7 28. Qc3+ Kh7 29. Rd3 Re6 30. Rfd1 b5 31. b3 Qa6 32. cxb5 Qxb5 33. a4 Qb6 34. Qc4 Rde7 35. Kf2 Kg7 36. Qc3+ Kg8 37. a5 Qc7 38. Qc4 Kh7 39. b4 cxb4 40. Qxb4 Re5 41. Qxd6 Qxd6 42. Rxd6 Rxa5 43. Rd7 Rae5 44. Rxe7+ Rxe7 45. Ra1 Kg7 46. Ra6 h5 47. h4 1/2-1/2